Ou en est l'histoire des religions?

Guardat en:
Dades bibliogràfiques
Autor principal: Bricout, J (Autor)
Format: Llibre
Idioma:francès
Publicat: París Letouzey et Ané 1912
Edició:1a. ed
Matèries:
Etiquetes: Afegir etiqueta
Sense etiquetes, Sigues el primer a etiquetar aquest registre!

MARC

LEADER 00000cam a2200000 a 4500
001 UCD3323
003 CL-VaPUC
008 160603e19120000fr |||||||||||||||||fre|d
082 0 4 |a 291.042  |b BRI  |2 21 
100 0 |a Bricout, J  |e author  |9 586744 
245 1 0 |a Ou en est l'histoire des religions? 
250 |a 1a. ed 
300 |a t 
942 |c BK 
945 |d 20160603 11:43:00  |a dcastane 
260 |a París  |b Letouzey et Ané  |c 1912 
500 |a t.2: Judaisme et Christianisme 
650 0 |a Historia de la religión  |9 313185 
650 0 |a Judaísmo  |9 269348 
650 0 |a Cristianismo  |9 257361 
583 |a last modification  |c 20160603 11:43:00  |k Rodrigo Vera 
999 |c 364359  |d 364357 
952 |0 0  |1 0  |3 erd  |4 0  |6 291_042000000000000_BRI_1912  |7 0  |8 X  |9 477451  |a BIBTEO  |b BIBTEO  |c TEO_FFR  |h t.2  |i 5233909  |o 291.042 BRI 1912  |p 5233909  |r 2024-01-18  |w 2019-11-24  |y BK_X  |z Catalogado en:20160603  |k OFM